Značky v online prostredí diplomová práca

Guardado en:
Detalles Bibliográficos
Autor principal: Káčerová, Karolína
Autor Corporativo: Obchodná fakulta EU. Katedra marketingu
Otros Autores: Korčoková, Marína, 1970-
Formato: Libro
Lenguaje:eslovaco
Publicado: Bratislava 2023
Etiquetas: Agregar Etiqueta
Sin Etiquetas, Sea el primero en etiquetar este registro!

MARC

LEADER 00000nbm a2200000 4500
001 0293743
005 20231219142158.9
041 0 |a slo 
044 |a SK 
245 1 0 |a Značky v online prostredí  |b diplomová práca  |c Karolína Káčerová ; školiteľ: Marína Korčoková 
264 1 |a Bratislava  |c 2023 
300 |a 88 s. 
100 1 |a Káčerová, Karolína 
700 1 |a Korčoková, Marína, 1970- 
710 2 |a Obchodná fakulta EU. Katedra marketingu